| 000 | 00877cab a2200241 4500 | ||
|---|---|---|---|
| 001 | ABS60083 | ||
| 008 | 090401t1999 xxu||||| |||| 00| 0 eng d | ||
| 035 | _a(Sirsi) u99757 | ||
| 041 | _aeng | ||
| 100 | _aMacaulay, M, | ||
| 245 | _aWarranted interference | ||
| 260 | _c1999 | ||
| 350 | _a0 | ||
| 490 |
_aBuilding _v264(8077) 5 March 1999, 64(1) |
||
| 520 | _aThe Contracts (Rights of Third Parties) Bill, introduced in December 1998, may mean construction contracts no longer require collateral warranties. However, the legislation will not extend to Scotland. | ||
| 650 | _aBUILT ENVIRONMENT-BUILDING CONTRACT FORMS-CONSTRUCTION COLLATERAL WARRANTY FORMS | ||
| 650 | _aBUILT ENVIRONMENT-BUILDING CONTRACT FORMS | ||
| 650 | _aCONTRACTS (RIGHTS OF THIRD PARTIES) BILL | ||
| 650 | _aSCOTLAND | ||
| 690 | _aBUILT ENVIRONMENT | ||
| 942 | _n0 | ||
| 948 | _c09/03/1999 | ||
| 999 |
_c59990 _d59990 |
||